000 00748cam a22002055a 4500
001 L141786
008 071220s1896 xxk eng u
035 _a(Sirsi) u141786
041 0 _aeng
110 2 _aAuctioneers' Institute of the United Kingdom
_93785
245 0 0 _aTranscript of shorthand writer's notes of the case of The Auctioneers' Institute of the United Kingdom (Incorporated) v. The Institute of Auctioneers and Valuers
260 _aS.l.
_bs.n.
_c[1896]
300 _a12 p.
_c23 cm.
340 _aPrinted
351 _cSingle item
500 _aTtile has been amended by hand to read 'Transcript of W. S. Lewis's shorthand notes...'
651 4 _aUnited Kingdom
_y
690 _aABOUT RICS-RELATED ORGANISATIONS
942 _n0
999 _c116776
_d116776